La politique dans le monde en 2024 - Statistiques

Statistiques générales
  • Ce quiz a été pris 18 fois
  • Le résultat moyen est 10 sur 20
Statistiques - réponses
Hint Réponse % Correct
Partie du corps de Donald Trump touchée par une balle lors d'une tentative d'assassinat à un meeting en Pennsylvanie Oreille
100%
Le 8 décembre 2024, le régime de ce dictateur chute en Syrie suite à une offensive rebelle, après 24 ans de règne Bachar el-Assad
87%
Premier ministre d'Israël, la Cour Pénale Internationale a émis contre lui un mandat d'arrêt pour crimes de guerre et crimes contre l'humanité Benyamin Netanyahou
87%
Pays dont le président a déclaré la loi martiale le 3 décembre 2024, avant que l'Assemblée Nationale la retire 3 heures plus tard puis que celui-ci soit ensuite destitué Corée du Sud
87%
Candidate du Parti Démocrate pour l'élection présidentielle aux États-Unis, cette vice-présidente de Joe Biden s'est inclinée face à Donald Trump en novembre 2024 Kamala Harris
80%
Pays dont le président Ebrahim Raïssi mourut dans un accident d'hélicoptère le 19 mai 2024 Iran
67%
Le 7 mars 2024, ce pays devient le 32ème pays membre de l'OTAN Suède
67%
Type d'arme que l'association Nihon Hidankyo dénonce. Elle a reçu le prix Nobel de la Paix pour son combat Armes nucléaires
60%
Pays dont la capitale a subi un attentat le 22 mars 2024, faisant 140 victimes. Cet attentat devant la salle de concert du Crocus City Hall sera revendiqué par l'État islamique au Khorassan Russie
60%
Une crise politique éclata en Espagne en raison d'accusations de mauvaise anticipation et gestion envers les autorités politiques face aux inondations dans cette communauté espagnole Valence
53%
Objets de communication notamment utilisés par le Hezbollah au Liban qu'Israël a piégés avec des explosifs, provoquant 42 morts et 3500 blessés Bipeurs
40%
Pays dont la présidente Dina Boluarte est accusée de corruption et enrichissement illicite dans le "Rolexgate". Elle est aussi accusée d'avoir effectué une rhinoplastie esthétique et donc mis en pause son mandat pendant 2 semaines en 2023 Pérou
40%
Pays hôte du G20 dont les principaux thèmes abordés furent le changement climatique, la lutte contre la faim, les inégalités et les guerres actuelles Brésil
33%
Pour la première fois depuis la fin de l'Apartheid en 1994, ce parti politique d'Afrique du Sud perd la majorité absolue parlementaire Congrès National Africain
33%
Alliance (devenue Confédération) entre le Mali, le Niger et le Burkina Faso après leur sortie de la Communauté économique des Etats d'Afrique de l'Ouest Alliance des États du {Sahel}
27%
Pays organisateur de la COP 29, malgré sa dépendance aux exportations de pétrole et gaz Azerbaïdjan
27%
Reine du Danemark depuis 1972, elle annonce son abdication et son fils aîné Frédéric X lui succède Margrethe II
20%
Tout juste sorti de prison pour outrage à magistrat, cet inspecteur des finances publiques devient le plus jeune président de l'histoire du Sénégal après son élection dès le premier tour, dont le report avait causé de grandes manifestations Bassirou Diomaye Faye
13%
Ancienne scientifique du GIEC, elle est devenue la première femme à être élue présidente du Mexique Claudia Sheinbaum
13%
Chef politique du Hamas et ancien Premier Ministre de Palestine assassiné par Israël en Iran le 31 juillet 2024 Ismaël Haniyeh
7%
Aucun quiz correspondant
Distribution des résultats
% des personnes avec chaque résultat
Percentile par nombre de réponses
Votre historique - résultats
Vous n’avez pas pris ce quiz